| 000 | 00383 a2200145 4500 | ||
|---|---|---|---|
| 005 | 20250626141958.0 | ||
| 020 | _a0-13-185605-7 | ||
| 082 | _a658.15 FOU | ||
| 245 | _aFoundations of Finance | ||
| 250 | _a5th E. | ||
| 260 |
_aNew York, _bPearson, _c2006. |
||
| 300 |
_axxxii, 585p.; ill.; figure, table, picture _bGlossary & Index _c27cm. |
||
| 700 | _aKEOWN, A. J. | ||
| 942 |
_2ddc _cBKS |
||
| 999 |
_c5390 _d5390 |
||